Unscramble World Capitals - Statistics

General Stats
  • This quiz has been taken 99 times
  • The average score is 10 of 15
Answer Stats
Hint Answer % Correct
ttawao Ottawa
96%
inskm Minsk
95%
Ogbtoa Bogota
91%
knaara Ankara
88%
vkie Kiev
85%
aipa Apia
83%
witaku Kuwait
75%
zduav Vaduz
75%
bilnud Dublin
70%
raaher Harare
64%
tigoanas Santiago
63%
glltinweon Wellington
63%
haneubsd Dushanbe
50%
Kyrocna Conakry
43%
ppomhneehn Phnom Phene
1%
No matching quizzes found
Score Distribution
Percent of People with Each Score
Percentile by Number Answered
Your Score History
You have not taken this quiz